[Event "Liga Vasca 2009 - DH"]
[Site "Pais Vasco ESP"]
[Date "2009.02.28"]
[Round "7.53"]
[White "Gomez Esteban, Juan Mario"]
[Black "San Segundo Carrillo, Pablo"]
[Result "0-1"]
[WhiteElo "2498"]
[BlackElo "2549"]
[PlyCount "88"]
[EventDate "2009.01.10"]
[EventType "team"]
[EventRounds "9"]
[EventCountry "ESP"]
[Source "lmi"]
[SourceDate "2009.01.10"]
[WhiteTeam "España"]
[WhiteTeamCountry "ESP"]

1. d4 d5 2. c4 c6 3. Nc3 dxc4 4. e4 b5 5. a4 b4 6. Na2 Nf6 7. e5 Nd5 8. Bxc4 e6
9. Nf3 Be7 10. Qe2 Nb6 11. Bd3 Nxa4 12. h4 a5 13. Bg5 Ba6 14. Bxa6 Rxa6 15. O-O
h6 16. Bxe7 Qxe7 17. Nc1 Nb6 18. Nb3 a4 19. Nc5 Ra5 20. Qc2 Qa7 21. Nd2 O-O 22.
Nc4 b3 23. Qc3 Nxc4 24. Qxc4 Nd7 25. Nxd7 Qxd7 26. Rxa4 Rxa4 27. Qxa4 Rd8 28.
Rd1 Qd5 29. Rd3 c5 30. Rxb3 Ra8 31. Qb5 Qxd4 32. Ra3 Rd8 33. Qb6 Rd5 34. g3
Qxe5 35. Ra1 Rd2 36. Rc1 c4 37. Qe3 Qd5 38. Qf4 e5 39. Qe3 Rxb2 40. Re1 f6 41.
Ra1 Rd2 42. Kh2 Qd4 43. Qxd4 exd4 44. Kg2 c3 0-1

[Event "Liga Vasca 2009 - DH"]
[Site "Pais Vasco ESP"]
[Date "2009.02.28"]
[Round "7.54"]
[White "Cifuentes Parada, Roberto"]
[Black "Franco Alonso, Alejandro"]
[Result "1-0"]
[WhiteElo "2526"]
[BlackElo "2459"]
[PlyCount "85"]
[EventDate "2009.01.10"]
[EventType "team"]
[EventRounds "9"]
[EventCountry "ESP"]
[Source "lmi"]
[SourceDate "2009.01.10"]
[BlackTeam "España"]
[WhiteTeamCountry "ESP"]
[BlackTeamCountry "ESP"]

1. Nf3 Nf6 2. d4 e6 3. g3 d5 4. Bg2 b5 5. O-O Nbd7 6. a4 b4 7. Ne5 Bb7 8. c4
bxc3 9. Nxc3 c5 10. Bf4 Be7 11. a5 Nxe5 12. Bxe5 O-O 13. a6 Bc6 14. e4 dxe4 15.
dxc5 Bxc5 16. Qe2 Rc8 17. Rfd1 Qe7 18. Nxe4 Nxe4 19. Bxe4 f6 20. Bc3 Bxe4 21.
Qxe4 Rc7 22. Rd2 Rfc8 23. Rad1 Qe8 24. h4 Bb6 25. Rd6 Rc6 26. h5 h6 27. Qg4 e5
28. Rxc6 Rxc6 29. Rd7 Qf8 30. Bb4 f5 31. Qd1 Qxb4 32. Qd5+ Kh7 33. Qxc6 Qe1+
34. Kh2 Qxf2+ 35. Qg2 Qe3 36. Rf7 Qd3 37. Kh3 Kg8 38. Re7 Qd1 39. Qa8+ Kh7 40.
Rxe5 Qxh5+ 41. Kg2 Bc7 42. Re8 Qg6 43. Rh8# 1-0

[Event "Liga Vasca 2009 - DH"]
[Site "Pais Vasco ESP"]
[Date "2009.03.07"]
[Round "8.11"]
[White "Alberdi Sololuce, Paulo"]
[Black "Conquest, Stuart C"]
[Result "0-1"]
[WhiteElo "2161"]
[BlackElo "2555"]
[PlyCount "100"]
[EventDate "2009.01.10"]
[EventType "team"]
[EventRounds "9"]
[EventCountry "ESP"]
[Source "lmi"]
[SourceDate "2009.01.10"]
[WhiteTeamCountry "ESP"]
[BlackTeamCountry "ESP"]

1. d4 Nf6 2. Bg5 e6 3. Nd2 h6 4. Bh4 c5 5. e3 cxd4 6. exd4 Nc6 7. Ngf3 Be7 8.
c3 O-O 9. Bd3 Nh5 10. Bxe7 Nxe7 11. O-O Nf4 12. Nc4 Qc7 13. Re1 Nxd3 14. Qxd3
b6 15. Ne3 Bb7 16. Ne5 Rad8 17. Qc4 Qb8 18. a4 d6 19. Nd3 Ba8 20. Qb5 Bc6 21.
Qh5 Be4 22. Rad1 Ng6 23. Qg4 Qb7 24. Nf4 Nxf4 25. Qxf4 Bg6 26. d5 e5 27. Qb4
Qc7 28. f4 exf4 29. Qxf4 Rfe8 30. h3 Re4 31. Qf2 Rde8 32. Nc2 Rxe1+ 33. Rxe1
Rxe1+ 34. Nxe1 Qc4 35. a5 bxa5 36. Qxa7 Qxd5 37. Qe3 Be4 38. Qb6 f5 39. Qe3 Kh7
40. Kf2 a4 41. Qe2 Qc5+ 42. Kf1 Qe5 43. Qe3 Qb5+ 44. Qe2 Qb3 45. Nf3 Bxf3 46.
Qxf3 Qc2 47. Qe2 Qxe2+ 48. Kxe2 g5 49. Ke3 h5 50. Kd4 h4 0-1

[Event "Liga Vasca 2009 - DH"]
[Site "Pais Vasco ESP"]
[Date "2009.03.07"]
[Round "8.12"]
[White "Gomez Esteban, Juan Mario"]
[Black "Fernandez Hernandez, Gerardo"]
[Result "1/2-1/2"]
[WhiteElo "2498"]
[BlackElo "2154"]
[PlyCount "179"]
[EventDate "2009.01.10"]
[EventType "team"]
[EventRounds "9"]
[EventCountry "ESP"]
[Source "lmi"]
[SourceDate "2009.01.10"]
[WhiteTeam "España"]
[BlackTeam "España"]
[WhiteTeamCountry "ESP"]
[BlackTeamCountry "ESP"]

1. d4 Nf6 2. c4 c5 3. d5 e5 4. Nc3 d6 5. e4 Be7 6. Be2 O-O 7. Nf3 Ne8 8. O-O
Nd7 9. Nd2 a6 10. g3 g6 11. f4 exf4 12. gxf4 f5 13. exf5 Rxf5 14. Nde4 Ng7 15.
b3 Rf8 16. Bb2 Nf6 17. Qd2 Nxe4 18. Nxe4 Bf5 19. Ng3 Bf6 20. Rae1 Bxb2 21. Qxb2
Qf6 22. Qxf6 Rxf6 23. Bd1 Raf8 24. Re7 R8f7 25. Rxf7 Rxf7 26. a3 Re7 27. Kf2
Bd3 28. Be2 Bxe2 29. Nxe2 Nf5 30. Rc1 Re3 31. Rc3 Rxc3 32. Nxc3 a5 33. Ne4 h6
34. Ke2 Kf7 35. Kd3 Ke7 36. Nd2 Kf6 37. Nf3 Ke7 38. Ke4 Kf6 39. Kd3 Ng7 40. Ke4
Nf5 41. Ne1 Nd4 42. b4 axb4 43. axb4 Nb3 44. bxc5 Nxc5+ 45. Kf3 Nb3 46. Ke3 Kf5
47. Nd3 Na5 48. Kd4 b6 49. Kc3 Ke4 50. Nb2 Kxf4 51. Na4 g5 52. Nxb6 g4 53. Nd7
Nb7 54. Nf6 Kg5 55. Ne4+ Kf4 56. Nf6 Kf5 57. Nh5 Kg5 58. Ng3 h5 59. Kd4 h4 60.
Ne2 g3 61. h3 Nc5 62. Ke3 Nd7 63. Ke4 Nc5+ 64. Ke3 Nd7 65. Ke4 Nf6+ 66. Ke3 Nd7
67. Ke4 Nf6+ 68. Kd4 Kf5 69. Ke3 Ke5 70. Ng1 Nh7 71. Nf3+ Kf6 72. Nxh4 Ng5 73.
Kf4 Nxh3+ 74. Kxg3 Ng5 75. Kf4 Nf7 76. Nf5 Kg6 77. Ne7+ Kf6 78. Nc8 Kg6 79. Ke4
Kf6 80. Kd4 Kf5 81. Kc3 Ke5 82. Kb4 Ng5 83. Kb5 Nf3 84. Kc6 Nd4+ 85. Kd7 Nf5
86. Nb6 Ne3 87. Kc6 Nf5 88. Nc8 Nd4+ 89. Kc7 Nf5 90. Kc6 1/2-1/2

[Event "Liga Vasca 2009 - DH"]
[Site "Pais Vasco ESP"]
[Date "2009.03.07"]
[Round "8.13"]
[White "Salinero de Prado, Juan Manuel"]
[Black "Franco Alonso, Alejandro"]
[Result "0-1"]
[WhiteElo "2175"]
[BlackElo "2459"]
[PlyCount "80"]
[EventDate "2009.01.10"]
[EventType "team"]
[EventRounds "9"]
[EventCountry "ESP"]
[Source "lmi"]
[SourceDate "2009.01.10"]
[WhiteTeam "España"]
[BlackTeam "España"]
[WhiteTeamCountry "ESP"]
[BlackTeamCountry "ESP"]

1. e4 c5 2. Nf3 e6 3. d4 cxd4 4. Nxd4 Nf6 5. Nc3 d6 6. g3 Nc6 7. Bg2 Bd7 8. O-O
Be7 9. Ndb5 Qb8 10. a4 a6 11. Nd4 Qc7 12. Kh1 O-O 13. f4 Rfe8 14. f5 Nxd4 15.
Qxd4 Ng4 16. fxe6 fxe6 17. Qd1 Ne5 18. Bf4 Bf6 19. Qe2 Nc4 20. Bxd6 Qxd6 21.
Qxc4 Rac8 22. Qb3 Bxc3 23. bxc3 Bc6 24. Rad1 Qc7 25. Rf4 Qa5 26. Rd6 Qxa4 27.
Rxe6 Qxb3 28. Rxe8+ Bxe8 29. cxb3 Rxc3 30. Bh3 Bf7 31. e5 Bxb3 32. Kg1 a5 33.
Rd4 Rc7 34. e6 Kf8 35. Rd8+ Ke7 36. Rg8 a4 37. Rxg7+ Kd6 38. Rxc7 Kxc7 39. e7
Bf7 40. Be6 Be8 0-1

[Event "Liga Vasca 2009 - DH"]
[Site "Pais Vasco ESP"]
[Date "2009.03.07"]
[Round "8.14"]
[White "Varas, Carlos"]
[Black "Hernandez Garca, Maximo"]
[Result "1-0"]
[WhiteElo "2245"]
[BlackElo "2034"]
[PlyCount "81"]
[EventDate "2009.01.10"]
[EventType "team"]
[EventRounds "9"]
[EventCountry "ESP"]
[Source "lmi"]
[SourceDate "2009.01.10"]
[WhiteTeam "España"]
[BlackTeam "España"]
[WhiteTeamCountry "ESP"]
[BlackTeamCountry "ESP"]

1. e4 e5 2. Nf3 Nc6 3. Nc3 d6 4. d4 Be7 5. Bb5 exd4 6. Nxd4 Bd7 7. Bxc6 bxc6 8.
Qf3 Qc8 9. O-O Nf6 10. e5 dxe5 11. Nxc6 Bd6 12. Re1 O-O 13. Nxe5 Re8 14. Bf4
Bf5 15. Nd3 Qd7 16. Bxd6 cxd6 17. Nb4 Be6 18. Qc6 Qd8 19. h3 Rc8 20. Qf3 Qa5
21. a3 Rc5 22. Rad1 Rf5 23. Qc6 h6 24. Qxd6 Rg5 25. f4 Rh5 26. Re5 Rxe5 27.
Qxe5 Qb6+ 28. Qd4 Qc7 29. Nb5 Qb8 30. Nxa7 Bd7 31. Nac6 Qa8 32. Ne5 Bf5 33. Kh2
Kh7 34. Nd5 Ne4 35. Nc7 Qc8 36. Nxe8 Qxe8 37. g4 Bg6 38. Nxg6 Kxg6 39. Re1 f5
40. gxf5+ Kxf5 41. Qxe4+ 1-0

[Event "Liga Vasca 2009 - DH"]
[Site "Pais Vasco ESP"]
[Date "2009.03.07"]
[Round "8.21"]
[White "Hamdouchi, Hichem"]
[Black "Iruzubieta Villaluenga, Jesus Maria"]
[Result "1-0"]
[WhiteElo "2598"]
[BlackElo "2423"]
[PlyCount "91"]
[EventDate "2009.01.10"]
[EventType "team"]
[EventRounds "9"]
[EventCountry "ESP"]
[Source "lmi"]
[SourceDate "2009.01.10"]
[WhiteTeam "España"]
[BlackTeam "España"]
[WhiteTeamCountry "ESP"]
[BlackTeamCountry "ESP"]

1. e4 e5 2. Nf3 Nc6 3. Bb5 f5 4. d3 fxe4 5. dxe4 Nf6 6. O-O Bc5 7. Qd3 Qe7 8.
Nc3 Nb4 9. Qd1 O-O 10. a3 Nc6 11. Nd5 Nxd5 12. Qxd5+ Kh8 13. Bg5 Qd6 14. Be3
Nd4 15. Bxd4 Qxd5 16. exd5 exd4 17. b4 Bb6 18. d6 a5 19. Bc4 cxd6 20. Bd5 g6
21. Rae1 axb4 22. axb4 Ra4 23. Ng5 Kg7 24. Re7+ Kf6 25. Nxh7+ Kxe7 26. Re1+ Kd8
27. Nxf8 Rxb4 28. Nxg6 d3 29. cxd3 Rb5 30. Nf4 Rb2 31. Rf1 Bd4 32. h4 b5 33. h5
b4 34. h6 b3 35. h7 Kc7 36. Kh2 Bb7 37. Bxb7 Kxb7 38. Ng6 Rc2 39. h8=Q Bxh8 40.
Nxh8 b2 41. Rb1 Kc6 42. f4 Kd5 43. f5 Rf2 44. Kg3 Rd2 45. f6 Rxd3+ 46. Kh4 1-0

[Event "Liga Vasca 2009 - DH"]
[Site "Pais Vasco ESP"]
[Date "2009.03.07"]
[Round "8.22"]
[White "Ruiz Gomez, Alejandro"]
[Black "Bauer, Christian"]
[Result "1/2-1/2"]
[WhiteElo "2363"]
[BlackElo "2610"]
[PlyCount "138"]
[EventDate "2009.01.10"]
[EventType "team"]
[EventRounds "9"]
[EventCountry "ESP"]
[Source "lmi"]
[SourceDate "2009.01.10"]
[WhiteTeam "España"]
[BlackTeam "España"]
[WhiteTeamCountry "ESP"]
[BlackTeamCountry "ESP"]

1. e4 Nf6 2. e5 Nd5 3. c4 Nb6 4. c5 Nd5 5. Nc3 Nxc3 6. dxc3 Nc6 7. Bf4 e6 8.
Qg4 g5 9. Qxg5 Qxg5 10. Bxg5 Rg8 11. Bf6 Bxc5 12. g3 Be7 13. Bxe7 Kxe7 14. f4
d6 15. Nf3 dxe5 16. fxe5 Bd7 17. Bd3 h6 18. O-O-O Rad8 19. Rhe1 Nb8 20. Be4 b6
21. Re3 c5 22. Rde1 Bb5 23. Rd1 Rxd1+ 24. Kxd1 Nd7 25. Ke1 Rg4 26. Kf2 h5 27.
h3 Rg8 28. b3 Nb8 29. Re1 Rd8 30. Ke3 Na6 31. Ng5 c4 32. Rf1 Be8 33. bxc4 Nc5
34. Bc2 Nd7 35. Nf3 Rc8 36. Bd3 Rc5 37. Kd4 Ra5 38. Rf2 Ra4 39. Rb2 Nb8 40. Be2
Ra5 41. Ke3 Bc6 42. Kf4 Nd7 43. Nd4 Nxe5 44. Bxh5 Bd7 45. Be2 Rc5 46. Nb3 Ng6+
47. Ke3 Re5+ 48. Kf2 Rf5+ 49. Ke3 Rg5 50. Kf2 e5 51. h4 Rf5+ 52. Ke3 Rf6 53. c5
Rc6 54. Rd2 Rc7 55. c4 Be6 56. cxb6 axb6 57. h5 Nf8 58. g4 Nh7 59. a4 Nf6 60.
g5 Ng4+ 61. Ke4 f5+ 62. gxf6+ Nxf6+ 63. Kxe5 Rc8 64. Kd4 Ra8 65. Ra2 Rg8 66.
Kc3 Rg2 67. Rb2 Ne4+ 68. Kd4 Ng3 69. Nc1 Rh2 1/2-1/2

[Event "Liga Vasca 2009 - DH"]
[Site "Pais Vasco ESP"]
[Date "2009.03.07"]
[Round "8.23"]
[White "Cifuentes Parada, Roberto"]
[Black "Limeres Guiance, Cristobal"]
[Result "1-0"]
[WhiteElo "2526"]
[BlackElo "2301"]
[PlyCount "109"]
[EventDate "2009.01.10"]
[EventType "team"]
[EventRounds "9"]
[EventCountry "ESP"]
[Source "lmi"]
[SourceDate "2009.01.10"]
[WhiteTeam "España"]
[BlackTeam "España"]
[WhiteTeamCountry "ESP"]
[BlackTeamCountry "ESP"]

1. Nf3 Nf6 2. c4 e6 3. g3 d5 4. d4 Bb4+ 5. Bd2 a5 6. Bg2 O-O 7. Qc2 Nc6 8. O-O
dxc4 9. Qxc4 Qd5 10. Qxd5 exd5 11. a3 Be7 12. Nc3 a4 13. Bf4 Bd8 14. Rac1 h6
15. Rfd1 Ne7 16. Ne1 c6 17. Nd3 Nd7 18. Nc5 Nb6 19. e4 dxe4 20. Bxe4 Nbd5 21.
Nxd5 Nxd5 22. Bd6 Be7 23. Bxe7 Nxe7 24. Bc2 b5 25. Be4 Rd8 26. f3 Rd6 27. Kf2
Rb8 28. g4 Be6 29. Na6 Rbd8 30. Ke3 Bc4 31. Nc5 Nd5+ 32. Kf2 Re8 33. Rd2 Nf6
34. Bb1 Re7 35. Nxa4 Rde6 36. Nc3 Re3 37. Be4 Nxg4+ 38. fxg4 R3xe4 39. Nxe4
Rxe4 40. h3 Bd5 41. Rc3 Rf4+ 42. Ke1 Re4+ 43. Kd1 h5 44. gxh5 Rh4 45. b3 f5 46.
a4 b4 47. Rcd3 Rxh5 48. Rf2 Kf7 49. Re3 g6 50. a5 Rh8 51. a6 Ra8 52. Ra2 Ra7
53. Kc2 f4 54. Re5 f3 55. Ra1 1-0

[Event "Liga Vasca 2009 - DH"]
[Site "Pais Vasco ESP"]
[Date "2009.03.07"]
[Round "8.24"]
[White "Gete Rodriguez, Isidro"]
[Black "Argandoña Riveiro, Iñigo"]
[Result "0-1"]
[WhiteElo "1980"]
[BlackElo "2391"]
[PlyCount "92"]
[EventDate "2009.01.10"]
[EventType "team"]
[EventRounds "9"]
[EventCountry "ESP"]
[Source "lmi"]
[SourceDate "2009.01.10"]
[WhiteTeam "España"]
[BlackTeam "España"]
[WhiteTeamCountry "ESP"]
[BlackTeamCountry "ESP"]

1. d4 d5 2. c4 c6 3. cxd5 cxd5 4. Nc3 Nf6 5. Bf4 g6 6. e3 Bg7 7. Bd3 O-O 8. Nf3
Nc6 9. Rc1 a6 10. h3 b5 11. O-O Bb7 12. Ne5 Na5 13. Bb1 Nc4 14. b3 Nxe5 15.
Bxe5 Qb6 16. Qf3 Rfc8 17. Bxf6 Qxf6 18. Qxf6 Bxf6 19. Ne2 e6 20. Rxc8+ Rxc8 21.
Rc1 Be7 22. Rxc8+ Bxc8 23. Nc1 Bd7 24. Nd3 a5 25. Kf1 f6 26. Ke2 b4 27. f3 Bb5
28. e4 Kf7 29. Ke3 Bd6 30. Bc2 Ke8 31. Bd1 Bh2 32. Be2 Bg1+ 33. Nf2 Bc6 34. Bd3
dxe4 35. fxe4 f5 36. exf5 exf5 37. g3 Ke7 38. Ke2 Kd6 39. g4 Bxf2 40. Kxf2 f4
41. g5 Kd5 42. Bc4+ Kxd4 43. Bg8 Ke5 44. Bxh7 Kf5 45. h4 Be4 46. Ke2 Kg4 0-1

[Event "Liga Vasca 2009 - DH"]
[Site "Pais Vasco ESP"]
[Date "2009.03.07"]
[Round "8.41"]
[White "Alonso Arburu, Juan Ignacio"]
[Black "Astasio Lopez, David"]
[Result "1-0"]
[WhiteElo "2353"]
[BlackElo "2250"]
[PlyCount "95"]
[EventDate "2009.01.10"]
[EventType "team"]
[EventRounds "9"]
[EventCountry "ESP"]
[Source "lmi"]
[SourceDate "2009.01.10"]
[WhiteTeamCountry "ESP"]
[BlackTeamCountry "ESP"]

1. e4 c5 2. Nf3 e6 3. Nc3 Nc6 4. g3 d5 5. d3 Nf6 6. Bg5 Be7 7. Bg2 O-O 8. O-O
h6 9. Bf4 d4 10. Ne2 Nd7 11. Bd2 e5 12. Ne1 b5 13. f4 Bb7 14. Nf3 Bf6 15. f5 c4
16. g4 Nc5 17. Be1 b4 18. h4 Ba6 19. Nc1 Rb8 20. Bg3 Qe7 21. Rf2 b3 22. axb3
cxd3 23. cxd3 g5 24. hxg5 hxg5 25. Bf1 Bg7 26. Rh2 f6 27. Be1 Rb6 28. Ra3 Rfb8
29. Rc2 Bf8 30. Na2 Qb7 31. b4 Nd7 32. Qc1 Bb5 33. Be2 a6 34. Bd1 Qc7 35. Rh2
Be7 36. Bd2 Qd8 37. Kf2 Bxd3 38. Rxd3 Nxb4 39. Bb3+ Kg7 40. Nxb4 Bxb4 41. Qh1
Qh8 42. Bxb4 Qxh2+ 43. Qxh2 Rxb4 44. Nd2 Nc5 45. Rh3 Rxb3 46. Rh7+ Kf8 47. Qh6+
Ke8 48. Qg6+ 1-0

[Event "Liga Vasca 2009 - DH"]
[Site "Pais Vasco ESP"]
[Date "2009.03.07"]
[Round "8.42"]
[White "Albaina Alvarez, Alvaro"]
[Black "Cruz-Lopez Claret, Carlos"]
[Result "1/2-1/2"]
[WhiteElo "2169"]
[BlackElo "2342"]
[PlyCount "39"]
[EventDate "2009.01.10"]
[EventType "team"]
[EventRounds "9"]
[EventCountry "ESP"]
[Source "lmi"]
[SourceDate "2009.01.10"]
[WhiteTeam "España"]
[BlackTeam "España"]
[WhiteTeamCountry "ESP"]
[BlackTeamCountry "ESP"]

1. e4 e5 2. Nf3 Nc6 3. Nc3 Nf6 4. Bb5 Bd6 5. d3 a6 6. Ba4 h6 7. a3 b5 8. Bb3
Bc5 9. Nxe5 Nxe5 10. d4 Bd6 11. dxe5 Bxe5 12. Ne2 g5 13. h4 g4 14. f4 gxf3 15.
gxf3 Bb7 16. Bf4 Qe7 17. Bxe5 Qxe5 18. Ba2 Kf8 19. Qd4 Qxd4 20. Nxd4 1/2-1/2

[Event "Liga Vasca 2009 - DH"]
[Site "Pais Vasco ESP"]
[Date "2009.03.07"]
[Round "8.43"]
[White "Serras Uria, Antonio"]
[Black "Villalta Bustillo, Igor"]
[Result "1-0"]
[WhiteElo "2187"]
[BlackElo "2169"]
[PlyCount "87"]
[EventDate "2009.01.10"]
[EventType "team"]
[EventRounds "9"]
[EventCountry "ESP"]
[Source "lmi"]
[SourceDate "2009.01.10"]
[WhiteTeam "España"]
[BlackTeam "España"]
[WhiteTeamCountry "ESP"]
[BlackTeamCountry "ESP"]

1. Nf3 d5 2. g3 c5 3. Bg2 Nc6 4. d4 e6 5. O-O Nf6 6. c4 Be7 7. cxd5 exd5 8. Nc3
O-O 9. Bg5 c4 10. Ne5 Be6 11. h3 h6 12. Be3 Bf5 13. g4 Bh7 14. f4 Bb4 15. f5
Re8 16. Bf4 Bd6 17. Nxd5 Nxe5 18. dxe5 Bxe5 19. Rc1 Rc8 20. Rc2 Nxd5 21. Qxd5
Qb6+ 22. Kh1 Bxf4 23. Rxf4 Red8 24. Qe4 Rd1+ 25. Rf1 Rxf1+ 26. Bxf1 g6 27. e3
gxf5 28. gxf5 Qa5 29. Qg4+ Kf8 30. f6 Qf5 31. Qg7+ Ke8 32. Rc1 Rc6 33. Qh8+ Kd7
34. Rd1+ Rd6 35. Rxd6+ Kxd6 36. Qf8+ Ke5 37. Qe7+ Qe6 38. Bxc4 Be4+ 39. Kh2 Bd5
40. Bxd5 Kxd5 41. Qxb7+ Kd6 42. Qe7+ Qxe7 43. fxe7 Kxe7 44. Kg3 1-0

[Event "Liga Vasca 2009 - DH"]
[Site "Pais Vasco ESP"]
[Date "2009.03.07"]
[Round "8.44"]
[White "Gutierrez Bustillo, Diego"]
[Black "Alonso Arburu, Jose Maria"]
[Result "1-0"]
[WhiteElo "2004"]
[BlackElo "2126"]
[PlyCount "65"]
[EventDate "2009.01.10"]
[EventType "team"]
[EventRounds "9"]
[EventCountry "ESP"]
[Source "lmi"]
[SourceDate "2009.01.10"]
[WhiteTeam "España"]
[BlackTeam "España"]
[WhiteTeamCountry "ESP"]
[BlackTeamCountry "ESP"]

1. e4 c5 2. Nc3 e6 3. g3 Nc6 4. Bg2 Nge7 5. d3 d6 6. f4 g6 7. Nf3 Bg7 8. O-O
O-O 9. Be3 Nd4 10. e5 Nef5 11. Bf2 Nxf3+ 12. Qxf3 Nd4 13. Qd1 dxe5 14. fxe5
Bxe5 15. Ne4 f5 16. Nxc5 Qc7 17. b4 Nb5 18. d4 Rd8 19. c3 Bf6 20. Qb3 Qf7 21.
a4 Nc7 22. Nxb7 Bxb7 23. Bxb7 Rab8 24. Bg2 e5 25. Qxf7+ Kxf7 26. dxe5 Bxe5 27.
Bxa7 Rbc8 28. Bb7 Bxc3 29. Rac1 Nd5 30. Bxc8 Rxc8 31. b5 Ra8 32. Rxc3 Nxc3 33.
b6 1-0

[Event "Liga Vasca 2009 - DH"]
[Site "Pais Vasco ESP"]
[Date "2009.03.07"]
[Round "8.51"]
[White "Saenz Martinez, Juan Jose"]
[Black "Arnaez Gil, Juan Ignacio"]
[Result "0-1"]
[WhiteElo "2315"]
[BlackElo "2231"]
[PlyCount "101"]
[EventDate "2009.01.10"]
[EventType "team"]
[EventRounds "9"]
[EventCountry "ESP"]
[Source "lmi"]
[SourceDate "2009.01.10"]
[WhiteTeam "AFC"]
[BlackTeam "Rey Ardid"]
[WhiteTeamCountry "ESP"]
[BlackTeamCountry "ESP"]

1. d4 d5 2. Nf3 Nf6 3. c4 c6 4. Nc3 a6 5. a4 e6 6. e3 a5 7. Bd3 Na6 8. O-O Be7
9. e4 dxe4 10. Nxe4 Nb4 11. Bb1 O-O 12. Ne5 Nxe4 13. Bxe4 f5 14. Bf3 Bf6 15.
Be3 c5 16. Rc1 Qc7 17. Bf4 g5 18. Bd2 Bxe5 19. dxe5 Rd8 20. Qe1 Nd3 21. Qe3 f4
22. Qe2 Nxc1 23. Bxc1 Bd7 24. h4 Bxa4 25. hxg5 Rd4 26. Bg4 Qe7 27. Qf3 Rad8 28.
b3 Rd3 29. Qxf4 Rf8 30. Qe4 Rd4 31. Qc2 Bxb3 32. Bxe6+ Qxe6 33. Qxb3 b6 34. Be3
Rxc4 35. Rb1 Re8 36. Qxb6 Qxb6 37. Rxb6 Rxe5 38. g6 hxg6 39. Rxg6+ Kf7 40. Ra6
a4 41. Kh2 Re6 42. Ra5 Rc6 43. Kh3 Ke6 44. g4 Kd5 45. Kh4 Rg6 46. f4 Ke4 47. f5
Rc6 48. Bg1 Kf3 49. Kh5 Rxg4 50. Bxc5 Rc8 51. Ra6 0-1

[Event "Liga Vasca 2009 - DH"]
[Site "Pais Vasco ESP"]
[Date "2009.03.07"]
[Round "8.52"]
[White "Galarza Bilbao, Xabier"]
[Black "Benito Imaz, Juan"]
[Result "1-0"]
[WhiteElo "2142"]
[BlackElo "2335"]
[PlyCount "57"]
[EventDate "2009.01.10"]
[EventType "team"]
[EventRounds "9"]
[EventCountry "ESP"]
[Source "lmi"]
[SourceDate "2009.01.10"]
[WhiteTeam "Rey Ardid"]
[BlackTeam "AFC"]
[WhiteTeamCountry "ESP"]
[BlackTeamCountry "ESP"]

1. d4 d5 2. c4 c6 3. Nf3 Nf6 4. Nc3 e6 5. e3 Nbd7 6. Qc2 b6 7. Be2 Bb7 8. O-O
Be7 9. e4 dxe4 10. Nxe4 c5 11. Ng3 O-O 12. b3 Rc8 13. Bb2 b5 14. Rad1 bxc4 15.
bxc4 Qc7 16. d5 exd5 17. Nf5 Nb6 18. Be5 Qd7 19. Ng5 g6 20. Nh6+ Kg7 21. Bg4
Qc6 22. Bxc8 Bxc8 23. cxd5 Nbxd5 24. Qd2 Nb6 25. Qf4 Qa4 26. Ne4 Bb7 27. Nf5+
gxf5 28. Qg5+ Kh8 29. Nxf6 1-0

[Event "Liga Vasca 2009 - DH"]
[Site "Pais Vasco ESP"]
[Date "2009.03.07"]
[Round "8.53"]
[White "Agirretxe San Sebastian, Jesus Maria"]
[Black "Basto Auzmendi, Mario"]
[Result "1/2-1/2"]
[WhiteElo "2180"]
[BlackElo "2086"]
[PlyCount "63"]
[EventDate "2009.01.10"]
[EventType "team"]
[EventRounds "9"]
[EventCountry "ESP"]
[Source "lmi"]
[SourceDate "2009.01.10"]
[WhiteTeam "AFC"]
[BlackTeam "Rey Ardid"]
[WhiteTeamCountry "ESP"]
[BlackTeamCountry "ESP"]

1. d4 Nf6 2. Nf3 g6 3. c4 Bg7 4. Nc3 d6 5. Bf4 O-O 6. e3 Nbd7 7. h3 Re8 8. Be2
e5 9. dxe5 dxe5 10. Nxe5 Nh5 11. Bxh5 Nxe5 12. Qxd8 Rxd8 13. Be2 Be6 14. Bxe5
Bxe5 15. Rd1 Bxc3+ 16. bxc3 Rd6 17. Rxd6 cxd6 18. Kd2 Rc8 19. Rb1 b6 20. Rb4 f5
21. Kd3 Rc5 22. Kd4 Ra5 23. a4 Bd7 24. Bd1 Kf7 25. Bc2 Kf6 26. f4 h5 27. h4 Bc6
28. g3 Kf7 29. Bd1 Kf6 30. Bc2 Kf7 31. Bd1 Kf6 32. Bc2 1/2-1/2

[Event "Liga Vasca 2009 - DH"]
[Site "Pais Vasco ESP"]
[Date "2009.03.07"]
[Round "8.54"]
[White "Martinez de Soria, Jose Maria"]
[Black "Gonzalez Blanco, Aitor"]
[Result "0-1"]
[WhiteElo "2074"]
[BlackElo "2020"]
[PlyCount "34"]
[EventDate "2009.01.10"]
[EventType "team"]
[EventRounds "9"]
[EventCountry "ESP"]
[Source "lmi"]
[SourceDate "2009.01.10"]
[WhiteTeam "Rey Ardid"]
[BlackTeam "AFC"]
[WhiteTeamCountry "ESP"]
[BlackTeamCountry "ESP"]

1. e4 d5 2. exd5 Qxd5 3. d4 e5 4. Be3 Nc6 5. Nc3 Bb4 6. Qd2 Qa5 7. d5 Nce7 8.
Bc4 Nf6 9. O-O-O Ne4 10. Qd3 Nxc3 11. bxc3 Bxc3 12. Kb1 Bf5 13. Qe2 O-O 14. Bd2
Qb4+ 15. Bb3 a5 16. Bxc3 Qxc3 17. Qc4 Bxc2+ 0-1

[Event "Liga Vasca 2009 - DH"]
[Site "Pais Vasco ESP"]
[Date "2009.03.14"]
[Round "9.11"]
[White "Arnaez Gil, Juan Ignacio"]
[Black "Alberdi Sololuce, Paulo"]
[Result "1/2-1/2"]
[WhiteElo "2231"]
[BlackElo "2161"]
[PlyCount "93"]
[EventDate "2009.01.10"]
[EventType "team"]
[EventRounds "9"]
[EventCountry "ESP"]
[Source "lmi"]
[SourceDate "2009.01.10"]
[WhiteTeam "España"]
[BlackTeam "España"]
[WhiteTeamCountry "ESP"]
[BlackTeamCountry "ESP"]

1. c4 Nf6 2. Nf3 e6 3. e3 b6 4. Be2 Bb7 5. b3 Be7 6. Bb2 O-O 7. O-O c5 8. d3 d6
9. Nbd2 Re8 10. Qc2 Nbd7 11. Rfd1 Rc8 12. Rac1 Rc7 13. Qb1 Qa8 14. Qa1 a6 15.
Bf1 e5 16. d4 cxd4 17. exd4 e4 18. Nh4 d5 19. Nf5 Bf8 20. cxd5 Rxc1 21. Rxc1
Nxd5 22. Nc4 Qb8 23. Nce3 g6 24. Nxd5 Bxd5 25. Ne3 Bb7 26. d5 Bd6 27. h3 f5 28.
Nc4 Bf8 29. d6 b5 30. Rd1 Re6 31. Ne5 Qe8 32. Nxd7 Qxd7 33. Qc1 Rxd6 34. Rxd6
Qxd6 35. Qc3 Bc6 36. Qh8+ Kf7 37. Qxh7+ Ke8 38. Qa7 Bd7 39. a4 Qe6 40. Qb8+ Kf7
41. axb5 axb5 42. Qc7 Be7 43. Qc3 Bf6 44. Qc2 Bxb2 45. Qxb2 e3 46. Qd4 exf2+
47. Kxf2 1/2-1/2

[Event "Liga Vasca 2009 - DH"]
[Site "Pais Vasco ESP"]
[Date "2009.03.14"]
[Round "9.12"]
[White "Fernandez Hernandez, Gerardo"]
[Black "Arnold Perrier, Felipe"]
[Result "1/2-1/2"]
[WhiteElo "2154"]
[BlackElo "2161"]
[PlyCount "64"]
[EventDate "2009.01.10"]
[EventType "team"]
[EventRounds "9"]
[EventCountry "ESP"]
[Source "lmi"]
[SourceDate "2009.01.10"]
[WhiteTeam "España"]
[BlackTeam "España"]
[WhiteTeamCountry "ESP"]
[BlackTeamCountry "ESP"]

1. e4 d5 2. exd5 Qxd5 3. Nc3 Qd6 4. d4 Nf6 5. Bc4 Nc6 6. Nf3 a6 7. h3 e6 8. Bg5
Be7 9. Qd2 O-O 10. O-O Qb4 11. Bb3 Rd8 12. a3 Qa5 13. Qe3 h6 14. Bf4 Bf8 15.
Rad1 Ne7 16. Qe5 Qxe5 17. Bxe5 Ne8 18. d5 exd5 19. Bxd5 Nd6 20. Rfe1 Nc6 21. g4
Bd7 22. Bf4 Re8 23. Ne4 Nxe4 24. Bxe4 Be6 25. Bxc7 Rac8 26. Bb6 g6 27. Nd4 Nxd4
28. Bxd4 Rc7 29. Bb6 Rce7 30. Bd8 Bxg4 31. Bxe7 Bxd1 32. Bxf8 Kxf8 1/2-1/2